Sterilisations in Kerala (1968-69) an appraisal (Record no. 494229)

000 -LEADER
fixed length control field 00413cam a22001097a 4500
008 - FIXED-LENGTH DATA ELEMENTS--GENERAL INFORMATION
fixed length control field 180718b1971 xxu||||| |||| 00| 0 eng d
082 ## - DEWEY DECIMAL CLASSIFICATION NUMBER
Classification number O246x5453 K45
245 ## - TITLE STATEMENT
Title Sterilisations in Kerala (1968-69) an appraisal
Statement of responsibility, etc. by Bureau jof Economics & Statistics Kerala State
260 ## - PUBLICATION, DISTRIBUTION, ETC.
Place of publication, distribution, etc. Trivandrum
Name of publisher, distributor, etc. Bureau jof Economics & Statistics
Date of publication, distribution, etc. 1971
300 ## - PHYSICAL DESCRIPTION
Extent 12p.
700 ## - ADDED ENTRY--PERSONAL NAME
Personal name India. Bureau jof Economics & Statistics Kerala State
Holdings
Withdrawn status Lost status Damaged status Not for loan Permanent Location Current Location Date acquired Full call number Barcode Date last seen Price effective from Koha item type
        Indian Institute of Public Administration Indian Institute of Public Administration 2018-08-04 O246x5453 K45 GG15887 2018-08-04 2018-08-04 GG

Powered by Koha